000 00866nam a22002295i 4500
001 152075
003 ES-MaACL
005 20250819000537.0
008 990520s1861 fr |||| | fre d
040 _aBA
_bspa
_cBA
130 0 0 _aBiblia.
_pA. T.
_pCantar de los cantares
_9119254
245 1 3 _aLe Cantique des Cantiques /
_ctraduit de l'hébreu avec une étude sur le plan, l'age et le caractère du poëme par Ernest Renan.
250 _aDeuxième édition, revue et corrigée.
260 _aParis :
_bMichel Lévy Frères,
_c1861 (
_fImprimerie Pillet fils aîné)
300 _a[4], XIV, [1], 210, [1] p. ;
_c22 cm.
596 _aMarca ed. en port.
597 _aSignuratizado númericamente.
597 _aAntep.
700 1 _aRenan, Ernest,
_d1823-1892
_996168
852 _aES-MaACL
_jF-9174(1)
_z-- Enc. pasta
999 _c152075
_d152075